Top 10 Countries with the Most Spotted Hyenas - Statistics

General Stats
  • This quiz has been taken 257 times
  • The average score is 5 of 7
Answer Stats
No. Hyenas (Thousands) Country % Correct
1-2 Botswana/Ethiopia/Zambia
90%
2-4 Kenya
88%
1.68-5.1 South Africa
84%
10-12.2 Tanzania
77%
2-3 Namibia
75%
5.6 Zimbabwe
74%
0.1-1 Central African Republic/Senegal
45%
No matching quizzes found
Score Distribution
Percent of People with Each Score
Percentile by Number Answered
Your Score History
You have not taken this quiz